000 00806nam a2200241Ia 4500
003 GCL
008 140319s9999 xx 000 0 ara d
040 _aGCL /
_cGCL
082 0 4 _a891.59
_bم ب
100 1 _aمحمد امان صافى
245 1 0 _aبست وسيستان :
_bواهميتها التاريخية والادبية /
_cمحمد امان صافى
250 _aالاولى
260 _aالقاهرة :
_bدار شرف للطباعة والتجليد ،
_c1991
300 _a182 ص ؛
_c25 سم
490 _aسلسلة الدراسات الادبية فى افغانستان
_v1
650 0 4 _aتاريخ
650 0 4 _aافغانستان
650 0 4 _aالمدن
650 0 4 _aالاداب الافغانية
650 0 4 _aبست
650 0 4 _aسيستان
942 _2ddc
_cBK
999 _c36056
_d36056